Tenaga Nuklear

Bibliographic Details
Format: Book

MARC

LEADER 00000cam a2200000 7i4500
001 0000007077
002 000007616
005 20000330.0
020 |a T000000596 
090 0 0 |a J 333   |b SUM 
245 1 0 |a Tenaga Nuklear 
999 |a 000599   |b BUKU   |c PINJAMAN   |e PERPUSTAKAAN KOMUNITI PETALING JAYA